Top 100 Biggest Cities in Missouri - Statistics

General Stats
  • This quiz has been taken 2,008 times
    296 since last reset
  • The average score is 32 of 100
Answer Stats
# City Population % Correct
1 Kansas City 508,090
100%
2 St. Louis 301,578
99%
3 Springfield 169,176
93%
4 Columbia 126,254
90%
16 Jefferson City 43,228
90%
5 Independence 123,011
85%
13 Joplin 51,762
78%
9 St. Charles 70,493
78%
8 St. Joseph 72,473
76%
6 Lee's Summit 101,108
73%
17 Cape Girardeau 39,540
71%
7 O'Fallon 91,316
68%
70 Branson 12,638
65%
10 Blue Springs 58,603
57%
35 Ozark 21,284
52%
11 St. Peters 57,732
52%
12 Florissant 52,533
50%
15 Wentzville 44,372
50%
22 Liberty 30,167
48%
14 Chesterfield 49,999
47%
43 Ferguson 18,527
47%
51 Hannibal 17,108
47%
39 Rolla 19,943
46%
20 University City 35,065
43%
48 Kirksville 17,530
41%
61 Washington 14,500
38%
24 Kirkwood 29,461
37%
32 Nixa 23,257
37%
54 Poplar Bluff 16,225
35%
49 Clayton 17,355
34%
59 Jackson 15,481
34%
78 Mexico 11,469
33%
34 Sedalia 21,725
33%
26 Maryland Heights 28,284
32%
36 Arnold 20,858
31%
23 Raytown 30,012
30%
60 Lebanon 15,013
29%
38 Warrensburg 20,313
29%
19 Wildwood 35,417
29%
21 Ballwin 31,103
27%
58 Carthage 15,522
27%
76 Eureka 11,646
27%
46 Farmington 18,217
27%
68 Festus 12,706
26%
82 Maryville 10,633
26%
42 Republic 18,750
26%
69 Troy 12,686
26%
45 Manchester 18,333
25%
94 Chillicothe 9,107
24%
71 Fulton 12,600
24%
95 Ladue 8,989
24%
56 Overland 15,955
24%
74 Union 12,348
24%
30 Webster Groves 24,010
24%
41 Creve Coeur 18,834
23%
28 Grandview 26,209
23%
27 Gladstone 27,063
22%
87 Harrisonville 10,121
22%
29 Hazelwood 25,548
22%
53 Sikeston 16,291
22%
77 Town and Country 11,640
22%
37 Affton 20,417
21%
63 Moberly 13,783
21%
75 West Plains 12,184
21%
52 Lake St. Louis 16,707
20%
33 Raymore 22,941
20%
65 St. Ann 13,019
19%
93 Clinton 9,174
18%
83 Excelsior Springs 10,553
18%
66 Jennings 12,895
18%
62 Marshall 13,806
18%
25 Mehlville 28,955
18%
64 Webb City 13,031
18%
72 Neosho 12,590
17%
18 Oakville 36,301
17%
31 Belton 23,953
16%
99 Cameron 8,513
16%
67 Dardenne Prairie 12,743
16%
84 Kennett 10,515
16%
98 Perryville 8,555
16%
90 Richmond Heights 9,286
16%
92 Des Peres 9,193
15%
57 Grain Valley 15,627
15%
91 Sunset Hills 9,198
15%
81 Bolivar 10,679
14%
79 Bridgeton 11,445
14%
88 Ellisville 9,985
14%
86 Kearney 10,404
14%
44 Spanish Lake 18,413
14%
47 Concord 17,668
12%
55 Fort Leonard Wood 15,959
12%
85 Smithville 10,406
12%
89 Monett 9,576
11%
100 Olivette 8,504
11%
80 Bellefontaine Neighbors 10,740
10%
73 Crestwood 12,404
10%
50 Lemay 17,117
10%
97 Park Hills 8,587
8%
40 Old Jamestown 19,790
7%
96 Pleasant Hill 8,777
7%
No matching quizzes found
Score Distribution
Percent of People with Each Score
Percentile by Number Answered
Your Score History
You have not taken this quiz since the last reset